000 00384nam a22001577a 4500
005 20190427142527.0
008 190427b xxu||||| |||| 00| 0 eng d
020 _a978-93-5164-527-6
041 _aeng
100 _aBHISE, DR. S.B
_94899
245 _aGUIDELINES FOR NATIONAL DRUG POLICY
250 _a1st,2015
260 _aPUNE
_bNIRALI PRAKASHAN
300 _aA.3 p,
942 _cBK
999 _c5823
_d5821